000 00290nam a22001337a 4500
008 210309b ||||| |||| 00| 0 eng d
041 _aeng
080 _a101
082 _a101
100 _a24
101 _aFIL
245 _aA study in Existtial Philosophy
_cBarret, W
942 _2udc
_cBK
999 _c56083
_d56083